| 000 | 00814pam a2200289 a 4500 | ||
|---|---|---|---|
| 999 |
_c5576 _d5576 |
||
| 001 | 3751091 | ||
| 003 | OSt | ||
| 005 | 20190107192909.0 | ||
| 008 | 820809s1982 vau b 000 0 eng | ||
| 010 | _a 82014670 | ||
| 020 |
_a0912376864 : _c9.95 |
||
| 040 |
_aDLC _cDLC _dDLC |
||
| 043 |
_aa-is--- _ama----- |
||
| 050 | 0 | 0 |
_aBS649.J5 _bP69 1982 |
| 082 | 0 | 0 |
_a220.6 _219 _bP954L |
| 100 | 1 | _aPrince, Derek. | |
| 245 | 1 | 4 |
_aThe last word on the Middle East / _cDerek Prince. |
| 260 |
_aLincoln, Va. : _bChosen Books, _cc1982. |
||
| 300 |
_a157 p. ; _c23 cm. |
||
| 504 | _aBibliography: p. 156-157. | ||
| 630 | 0 | 0 |
_aBible _xProphecies _xIsrael. |
| 650 | 0 |
_aJews _xRestoration. |
|
| 650 | 0 | _aJewish-Arab relations. | |
| 651 | 0 | _aIsrael. | |
| 906 |
_a7 _bcbc _corignew _d1 _eocip _f19 _gy-gencatlg |
||
| 942 |
_2ddc _cBK |
||